Teoría de la justicia.

Na minha lista:
Detalhes bibliográficos
Autor principal: Rawls, John (autor)
Formato: Livro
Idioma:espanhol
Publicado em: Ciudad de México, México: Fondo de Cultura Económica, 1995.
Edição:2a. ed
Colecção:Sección de Obras de Filosofía
Assuntos:
Tags: Adicionar Tag
Sem tags, seja o primeiro a adicionar uma tag!

MARC

LEADER 00000cam a2200000 a 4500
001 UCH5699
003 CL-VaPUC
005 20250313110308.0
008 091015e19950000MX |||||||||||||||||spa|d
999 |c 336801  |d 336799 
020 |a 978-968-16-4622-6 
040 |c Pontificia Universidad Católica de Valparaíso 
082 0 4 |a 340.11 RAW 1995  |2 21 
100 0 |a Rawls, John  |e autor  |9 256003 
245 1 0 |a Teoría de la justicia. 
250 |a 2a. ed 
260 |a Ciudad de México, México:  |b Fondo de Cultura Económica,  |c 1995. 
300 |a 549 páginas. 
490 0 |a Sección de Obras de Filosofía 
583 |a last modification  |c 20130516 01:00:24  |k Rodrigo Vera 
650 0 |a Filosofía del derecho   |9 255050 
650 0 |a Filosofía política  |9 295215 
650 0 |a Justicia   |x Filosofía   |9 866230 
942 |c BK  |2 ddc 
945 |d 20091015 00:00:00  |a cmena 
952 |0 0  |1 0  |4 0  |6 340_110000000000000_RAW_1995  |7 0  |8 A  |9 428736  |a BIBGIM  |b BIBGIM  |d 2019-11-22  |i 4610172  |l 1  |o 340.11 RAW 1995  |p 4610172  |r 2025-01-15  |s 2024-03-19  |w 2019-11-22  |y BK  |k MTS 
952 |0 0  |1 0  |4 0  |6 340_110000000000000_RAW_1995  |7 0  |8 A  |9 428737  |a BIBGIM  |b BIBGIM  |d 2019-11-22  |i 4975596  |l 2  |m 2  |o 340.11 RAW 1995  |p 4975596  |r 2025-01-15  |s 2024-03-18  |w 2019-11-22  |y BK  |k MTS 
952 |0 0  |1 0  |3 erb  |4 0  |6 340_110000000000000_RAW_1995  |7 0  |8 A  |9 428738  |a BIBEDU  |b BIBEDU  |i 5196981  |o 340.11 RAW 1995  |p 5196981  |r 2019-11-22  |w 2019-11-22  |y BK  |z Catalogado en:20150904  |k FIL 
952 |0 0  |1 0  |3 erb  |4 0  |6 340_110000000000000_RAW_1995  |7 0  |8 A  |9 428739  |a FDOHBE  |b FDOHBE  |e Huesbe Llanos, Marco Antonio, 1934-  |i 5307899  |o 340.11 RAW 1995  |p 5307899  |r 2024-01-30  |w 2019-11-22  |y BK  |z Catalogado en:20160717  |k HBE 
952 |0 0  |1 0  |2 ddc  |4 0  |6 340_110000000000000_RAW_1995  |7 0  |8 A  |9 588558  |a BIBGIM  |b BIBGIM  |c GEN  |d 2023-01-06  |e 3  |g 15917.00  |i 5656348  |l 3  |o 340.11 RAW 1995  |p 5656348  |q 2025-04-14  |r 2025-03-13  |s 2025-03-13  |t 5  |v 15917.00  |w 2023-01-06  |y BK  |k SSL